General science handbook of activities, classes VI-VIII. (Record no. 60927)

MARC details
000 -LEADER
fixed length control field 00689cam a22002051 4500
001 - CONTROL NUMBER
control field sa 64008568
003 - CONTROL NUMBER IDENTIFIER
control field DLC
005 - DATE AND TIME OF LATEST TRANSACTION
control field 20260227112055.0
008 - FIXED-LENGTH DATA ELEMENTS--GENERAL INFORMATION
fixed length control field 810925s1964 ii a b 000 0 eng
010 ## - LIBRARY OF CONGRESS CONTROL NUMBER
LC control number sa 64008568
025 ## - OVERSEAS ACQUISITION NUMBER
Overseas acquisition number PL480:I-E-3438
040 ## - CATALOGING SOURCE
Original cataloging agency DLC
Transcribing agency DLC
Modifying agency DLC
050 00 - LIBRARY OF CONGRESS CALL NUMBER
Classification number Q182.3
Item number .N37 1964
110 2# - MAIN ENTRY--CORPORATE NAME
Corporate name or jurisdiction name as entry element National Institute of Education (India).
Subordinate unit Department of Science Education.
245 10 - TITLE STATEMENT
Title General science handbook of activities, classes VI-VIII.
260 ## - PUBLICATION, DISTRIBUTION, ETC.
Place of publication, distribution, etc. [New Delhi]
Name of publisher, distributor, etc. National Council of Educational Research and Training
Date of publication, distribution, etc. [1964]
300 ## - PHYSICAL DESCRIPTION
Extent iv, 458 p.
Other physical details illus.
Dimensions 28 cm.
504 ## - BIBLIOGRAPHY, ETC. NOTE
Bibliography, etc. note Bibliography: p. [435]-441.
650 #0 - SUBJECT ADDED ENTRY--TOPICAL TERM
Topical term or geographic name entry element Science
General subdivision Laboratory manuals.

No items available.

Powered by Koha